| 000 | 00736cam a22002293a 4500 | ||
|---|---|---|---|
| 001 | 18435 | ||
| 003 | PGUSA | ||
| 005 | 20140828083407.0 | ||
| 008 | 060522s2006||||xxu|||||s|||||000 | eng d | ||
| 040 |
_aPGUSA _beng |
||
| 042 | _adc | ||
| 050 | 4 | _aTX | |
| 100 | 1 |
_aEstes, Rufus, _d1857- |
|
| 245 | 1 | 0 |
_aGood Things to Eat as Suggested by Rufus : _bA Collection of Practical Recipes for Preparing Meats, Game, Fowl, Fish, Puddings, Pastries, Etc. _h[electronic resource] / _cRufus Estes |
| 260 |
_bProject Gutenberg, _c2006 |
||
| 506 | _aPublic domain in the USA. | ||
| 516 | _aElectronic text | ||
| 653 | _aCooking, American | ||
| 830 | 0 |
_aProject Gutenberg _v18435 |
|
| 856 | 4 | 0 | _uhttp://www.gutenberg.org/ebooks/18435 |
| 942 | _cEB | ||
| 999 |
_c247690 _d247690 |
||